000 nam a22 a 4500
999 _c4283
_d4283
003 AKMAL
005 20170526115201.0
008 170526t1997 cc g 001 0 eng d
020 _a0717297365 (hbk.)
040 _aAKMAL
082 0 4 _a658.3 HUM
_222
090 0 0 _a658.3
_bHUM
100 1 _aHumphries, John
_98356
245 1 0 _aManaging through people :
_bhow to get the best from your most valuable resource /
_c[John Humphries]
260 _aHong Kong :
_bGrolier Intl.Inc.,
_cc1997
300 _a160p.
_c24cm.
490 1 _aGrolier business library
504 _aIncludes bibliographical references and index
650 1 0 _aPersonnel management
_9602
830 0 _aGrolier business library
_98353
942 _2ddc
_cBOOK
950 _lAKMAL